The great migrations /

Bibliographic Details
Main Author: Blond, Georges, 1906-1989
Format: Book
Language:English
French
Published: New York : Macmillan, 1956.
Subjects:

MARC

Tag First Indicator Second Indicator Subfields
LEADER 00000cam a2200000 4500
001 in00000047986
005 20151007075639.0
008 730305s1956 nyu 00000 eng u
010 |a  56011445  
035 |a (OCoLC)00569103 
035 |9 AAF3583AM 
040 |c WSU  |d OCL  |d TXA  |d UtOrBLW 
041 1 |a eng  |a fre 
049 |a TXAM  |c [275659] 
050 0 |a QL754  |b .B52 
092 |a 591.52  |b B654g 
100 1 |a Blond, Georges,  |d 1906-1989. 
245 1 4 |a The great migrations /  |c Translated by Frances Frenaye. 
264 1 |a New York :  |b Macmillan,  |c 1956. 
300 |a 192 pages ;  |c 22 cm. 
336 |a text  |b txt  |2 rdacontent 
337 |a unmediated  |b n  |2 rdamedia 
338 |a volume  |b nc  |2 rdacarrier 
500 |a Translation of La grande aventure des migrateurs. 
650 0 |a Animal migration. 
999 |a MARS 
999 f f |s 6090f85e-1999-3b87-9e01-a8a8e5449ba5  |i be953950-699f-3f91-a211-01e83464ef9e  |t 0 
952 f f |p ric  |a Texas A&M University  |b Rellis Campus  |c Joint Library Facility  |d Remote Storage  |t 0  |e QL754 .B52  |h Library of Congress classification  |i unmediated -- volume  |m A14801008147 
998 f f |a QL754 .B52  |t 0  |l Remote Storage